| 000 | 00397nam a2200157Ia 4500 | ||
|---|---|---|---|
| 008 | 210716s2015 xx 000 0 und d | ||
| 020 | _a9788126541720 | ||
| 041 | _aeng | ||
| 082 | _a005.3002 WALJ | ||
| 100 | _aWalkenbach, John. | ||
| 245 | _aExcel 2013 bible. | ||
| 250 | _a1 | ||
| 260 |
_aNew Delhi _bWiley India Pvt Ltd _c2015 |
||
| 300 | _axli,1012 | ||
| 650 | _aMicrosoft Windows(005.269) | ||
| 999 |
_c194633 _d194633 |
||